Deutsch-tschechische Zusammenarbeit zur Förderung des Aufbaus kleiner und mittlerer Unternehmen 20. bis 22. Februar 1992 Liberec (Reichenberg), CSFR

Salvato in:
Dettagli Bibliografici
Natura: Libro
Lingua:tedesco
ceco
Pubblicazione: Žitava Institut für Wirtschaftspolitik 1992
Edizione:1. Aufl.
Soggetti:
Tags: Aggiungi Tag
Nessun Tag, puoi essere il primo ad aggiungerne!!

MARC

LEADER 00000nam a2200000 4500
001 c003451
005 20221214085450.2
020 |a 3-9803099-0-8 
041 0 |a ger 
041 0 |a cze 
044 |a SK 
245 1 0 |a Deutsch-tschechische Zusammenarbeit zur Förderung des Aufbaus kleiner und mittlerer Unternehmen  |b 20. bis 22. Februar 1992 Liberec (Reichenberg), CSFR 
250 |a 1. Aufl. 
264 1 |a Žitava  |b Institut für Wirtschaftspolitik  |c 1992 
300 |a 157 s. 
610 2 0 |a spolupráca hospodárska medzinárodná 
610 2 0 |a Nemecko 
610 2 0 |a ČSFR 
610 2 0 |a podnik malý 
610 2 0 |a podnik stredný 
610 2 0 |a rozvoj hospodársky 
610 2 0 |a rozvoj regionálny 
610 2 0 |a politika hospodárska 
610 2 0 |a Poľsko